000 01245nam a2200301 i 4500
001 000027362
003 DO-SdBNP
005 20260128135507.0
007 ta
008 110331s1940 cu ac r 000 0bspa d
040 _aDO-SdBNP
_bspa
_cBNPHU
_erda
041 _aspa
082 4 _a923.57293
_bL965F
_222
100 1 _aFerrer Gutiérrez, Virgilio,
_d1907-
_eautor
_4aut.
_938745
245 1 0 _aLuperón :
_bbrida y espuela /
_cVirgilio Ferrer Gutiérrez ; prólogo, Alberto Lamar Schweyer.
264 1 _aLa Habana, Cuba :
_bCarasa Impresores,
_c1940.
300 _a209 páginas :
_bilustraciones, retratos ;
_c19 cm.
336 _atexto
_btxt
_2rdacontent
337 _asin mediación
_bn
_2rdamedia
338 _avolumen
_bnc
_2rdacarrier
500 _aIncluye referencias bibliográficas y notas al pie de las páginas.
505 0 _aPrólogo --
_tLuperón --
_tApéndices --
_tSíntesis del pensamiento político de Luperón --
_tFotografía de la tumba en la Capilla de los Inmortales.
600 1 4 _aLuperón, Gregorio,
_d1839-1897
_9888
651 4 _aRepública Dominicana --
_xHistoria --
_y1844-1930
_91009
700 1 _aLamar Schweyer, Alberto,
_eprologuista
_4pr.
_938746
910 _aValidado. Control de calidad. MMOLINA
942 _2ddc
_cLBS1
999 _c26854
_d26854